01416nam a2200313 a 450000100100000000500170001000800410002704000250006804100370009308200180013010000270014824501830017524600640035826000430042230000310046556301030049659000260059965000210062565000340064665000420068065000340072270000330075670000240078971000560081371000610086991000390093095201160096999900170108500002559720250722122138.0110218s2002 dr r 000 0 spa d aDO-SdBNPbspacBNPHU17aspahfr2Código de idioma MARC a364.15bT266t1 aTejada, Darío91872210aTráfico de niños haitianos hacia la República Dominicana =bTrafic des enfants haitiens vers la Republique Dominicaine /cDarío Tejada, Céméphise Gilles, Juan Artola.11aTrafic des enfants haitiens vers la Republique Dominicaine. aSanto Domingo :bUNICEF :bOIM,c2002. a40, 40 p. :bil. ;c25 cm. aObra en idioma español y francés con encuadernación invertida en paginación independiente. aInventariado, 2018/BT 4aSecuestro952285 0aNiños desaparecidos 952286 4aNiños desaparecidoszHaití952287 0a Tráfico de personas95228812aGilles, Céméphise95228912aArtola, Juan938370 aFondo de las Naciones Unidas para la Infancia992702 a Organización Internacional para las Migraciones92058 aValidado. Control de calidad BNPHU 0010718PDaPDbPDcHDd2011-02-18iLF1l0o364.15 T266tp25597-10r2020-06-25w2020-06-25yLFPDZNo se presta c25089d25089